| 000 | 00654nam a22002417a 4500 | ||
|---|---|---|---|
| 001 | BD-DhSAU 7217 | ||
| 003 | BD-DhSAU | ||
| 005 | 20150520123259.0 | ||
| 008 | 150215s1989 ii a||||r|||| 001 0 eng d | ||
| 020 | _a8170401070 | ||
| 040 | _aBD-DhSAU | ||
| 082 |
_222 _a338.1 _bSIF |
||
| 100 | _aSadhu, A. N. | ||
| 245 |
_aFundamentals of agricultural economics / _cA N Sadhu and Amatjit Singh |
||
| 250 | _a3rd ed. | ||
| 260 |
_aNew Delhi : _bHimalaya Pub. Ho. , _cc1989. |
||
| 300 |
_ax, 425 p. : _bill. ; _c26 cm. |
||
| 590 | _ajoy | ||
| 650 |
_aAgricultural. _vFundamentals |
||
| 650 | _aEconomics. | ||
| 700 | _aSingh, Amatjit | ||
| 942 |
_2ddc _cBOOK |
||
| 999 |
_c7217 _d7217 |
||